| 000 | 01148nam a22002657a 4500 | ||
|---|---|---|---|
| 005 | 20170124103115.0 | ||
| 010 | _aB-150817 | ||
| 020 |
_c200.00 _a8190216937 |
||
| 035 | _aB-150817 | ||
| 037 | _bCen Lib/Ret | ||
| 040 |
_aDPL _bHN |
||
| 082 |
_a523.1 _bशर्मागा |
||
| 100 |
_aशर्मा, गायत्री _980730 |
||
| 245 |
_aब्रह्मांड / _cगायत्री शर्मा |
||
| 246 |
_aBrahamand / _bby Gayatri Sharma |
||
| 260 |
_aजयपुर _bअग्रवाल पब्लिशिंग हाउस _c2005 |
||
| 270 |
_a1885, नाटानियों का रास्ता _bजयपुर _e302003 |
||
| 300 |
_a132पृ. : _c21सेमी (सजिल्द) _bसचित्र |
||
| 490 | _aविज्ञान सबके लिए | ||
| 650 |
_aभौतिक विज्ञान--खगोल शास्त्र _980731 |
||
| 650 |
_aअविष्कार की खोज _980732 |
||
| 650 |
_aPhysics--Astronomy _980733 |
||
| 650 |
_aSearch for invention _980734 |
||
| 942 |
_2ddc _cHN _h523.1 _mशर्मागा |
||
| 999 |
_c118534 _d118534 |
||